|
|
|
|
| LEADER |
00000nas a22000007a 4500 |
| 001 |
ssj0000624 |
| 003 |
WaSeSS |
| 005 |
20200512172242.0 |
| 006 |
m d |
| 007 |
cr n |
| 008 |
010216c19839999cauqr pssd 0 a0eng c |
| 010 |
|
|
|a 2001214647
|z sn 99023379
|
| 016 |
7 |
|
|a 2009650-1
|2 DE-600
|
| 022 |
|
|
|a 1533-855X
|y 0734-6018
|
| 030 |
|
|
|a RPREEL
|
| 035 |
|
|
|a (WaSeSS)ssj0000624
|
| 037 |
|
|
|b University of California Press, 2000 Center St., Ste. 303, Berkeley, CA 94704-1223
|c $124.00 (institution)
|
| 040 |
|
|
|a NSD
|b eng
|c NSD
|d OCLCQ
|d NSD
|d IUL
|d OCLCQ
|d OCLCS
|d CNTRU
|d DLC
|d OCLCQ
|d OCLCF
|d OCLCO
|d OCL
|d VT2
|d EUW
|d OCLCQ
|d DEBBG
|d OCLCQ
|d AZU
|d CEF
|d UAB
|d M6U
|d OCLCQ
|d GILDS
|d AU@
|d AUD
|d NJT
|d WaSeSS
|
| 042 |
|
|
|a nsdp
|a pcc
|
| 050 |
1 |
4 |
|a NX1
|
| 082 |
1 |
0 |
|a 700
|2 13
|
| 130 |
0 |
|
|a Representations (Berkeley, Calif. : Online)
|
| 222 |
|
0 |
|a Representations
|b (Berkeley, Calif. Online)
|
| 245 |
1 |
0 |
|a Representations
|h [electronic resource].
|
| 260 |
|
|
|a Berkeley, CA :
|b University of California Press
|
| 310 |
|
|
|a Quarterly
|
| 362 |
1 |
|
|a Print began in 1983.
|
| 506 |
|
|
|a License restrictions may limit access.
|
| 538 |
|
|
|a Mode of access: World Wide Web.
|
| 588 |
|
|
|a Description based on: Issue 47 (summer 1994); title from table contents (viewed Apr. 22, 2004).
|
| 588 |
|
|
|a Latest issue consulted: Vol. 119 (summer 2012) (JSTOR site viewed Sept. 21, 2012).
|
| 650 |
|
0 |
|a Arts
|v Periodicals.
|
| 650 |
|
0 |
|a Literature
|v Periodicals.
|
| 650 |
|
0 |
|a History
|v Periodicals.
|
| 650 |
|
0 |
|a Critical theory
|v Periodicals.
|
| 650 |
|
0 |
|a Poststructuralism
|v Periodicals.
|
| 650 |
|
6 |
|a Arts
|v Périodiques.
|
| 650 |
|
6 |
|a Littérature
|v Périodiques.
|
| 650 |
|
7 |
|a Arts.
|2 fast
|0 (OCoLC)fst00817721
|
| 650 |
|
7 |
|a Critical theory.
|2 fast
|0 (OCoLC)fst00883690
|
| 650 |
|
7 |
|a Literature.
|2 fast
|0 (OCoLC)fst00999953
|
| 650 |
|
7 |
|a Poststructuralism.
|2 fast
|0 (OCoLC)fst01073231
|
| 650 |
|
7 |
|a History.
|2 fast
|0 (OCoLC)fst00958235
|
| 653 |
|
|
|a JSTOR
|a Text files.
|
| 653 |
|
|
|a Titles of electronic journals.
|
| 655 |
|
0 |
|a Electronic journals.
|
| 776 |
0 |
8 |
|i Print version:
|t Representations (Berkeley, Calif.)
|x 0734-6018
|w (DLC) 83644038
|w (OCoLC)8781433
|
| 776 |
0 |
8 |
|i Microfilm version:
|t Representations (Berkeley, Calif.)
|x 0734-6018
|w (DLC)sn 97034865
|w (OCoLC)24886631
|
| 856 |
4 |
0 |
|z Full text available from Research Library: 01/01/2002 to 10/31/2012
|u https://search.proquest.com/publication/38058
|